=LDR 00000nam 2200000 4500 =001 INLIS000000000009545 =005 20130612101332 =008 ***********************************Ind** =035 ##$$0010-061300000009545 =041 ##$$a Ind =082 ##$$a 372.24 =090 ##$$a 372.24, Sur a =100 ##$$a Suroto =245 ##$$a Awal Belajar Membaca, Suroto =260 ##$$a 1995 $b Bekasi =300 ##$$a 24 hlm, 21 cm =650 ##$$a Belajar Membaca =850 ##$$a NBPNMAT